LEADER 01067nam 2200361 4500 001 990000985370203316 010 $a3-540-64554-3 035 $a0098537 035 $aUSA010098537 035 $a(ALEPH)000098537USA01 035 $a0098537 100 $a20020225d1998----km-y0ENGy0103----ba 101 $aeng 102 $aDE 200 1 $aBrownian motion, obstacles and Random media$fAlain-Sol Sznitman 210 $aBerlin$cSpringer$dc1998 215 $aXVI, 353 p.$d24 cm 225 2 $aSpringer monographs in mathematics 410 $12001$aSpringer monographs in mathematics 606 $aMoto browniano 606 $aCampi Casuali 676 $a530.475 700 1$aSZNITMAN,$bAlain-Sol$0552964 801 0$aIT$bsalbc$gISBD 912 $a990000985370203316 951 $a530.475 SZN$b10443 ING$c530-475 959 $aBK 969 $aTEC 979 $aPATTY$b90$c20020225$lUSA01$h1413 979 $c20020403$lUSA01$h1740 979 $aPATRY$b90$c20040406$lUSA01$h1708 996 $aBrownian motion, obstacles and Random media$9975424 997 $aUNISA LEADER 01068nam a2200253 i 4500 001 991001430169707536 005 20020507193319.0 008 960109s1994 it ||| | eng 035 $ab10846426-39ule_inst 035 $aLE01312160$9ExL 040 $aDip.to Matematica$beng 082 0 $a510 084 $aAMS 00A35 100 1 $aBazzini, Luciana$060703 245 10$aTheory and practice in mathematics education :$bproceedings of the Fifth international conference on systematic cooperation between theory and practice in mathematics education :$b(Grado, Italy, 1994) /$cedited by Luciana Bazzini 260 $aPavia :$bISDAF,$c1994 300 $axi, 240 p. ;$c24 cm. 650 4$aMethodology of mathematics$xCongresses 907 $a.b10846426$b02-08-07$c28-06-02 912 $a991001430169707536 945 $aLE013 00A BAZ11 (1994)$g1$i2013000041711$lle013$o-$pE0.00$q-$rl$s- $t0$u1$v0$w1$x0$y.i10957157$z28-06-02 996 $aTheory and practice in mathematics education$9918646 997 $aUNISALENTO 998 $ale013$b01-01-96$cm$da $e-$feng$git $h0$i1